<?xml version="1.0" encoding="UTF-8"?>
<record
    xmlns:xsi="http://www.w3.org/2001/XMLSchema-instance"
    xsi:schemaLocation="http://www.loc.gov/MARC21/slim http://www.loc.gov/standards/marcxml/schema/MARC21slim.xsd"
    xmlns="http://www.loc.gov/MARC21/slim">

  <leader>01186nam a2200241 a 4500</leader>
  <controlfield tag="001">78742</controlfield>
  <controlfield tag="003">BD-RjUL</controlfield>
  <controlfield tag="005">20211209083152.0</controlfield>
  <controlfield tag="008">211110s2006    ua ||||| |||| 001 0 ara d</controlfield>
  <datafield tag="020" ind1=" " ind2=" ">
    <subfield code="a">977419408X</subfield>
  </datafield>
  <datafield tag="035" ind1=" " ind2=" ">
    <subfield code="a">(BD-RjUL)78968</subfield>
  </datafield>
  <datafield tag="040" ind1=" " ind2=" ">
    <subfield code="a">BD-RjUL</subfield>
    <subfield code="b">eng</subfield>
    <subfield code="c">BD-RjUL</subfield>
  </datafield>
  <datafield tag="041" ind1=" " ind2=" ">
    <subfield code="a">ara</subfield>
  </datafield>
  <datafield tag="082" ind1=" " ind2=" ">
    <subfield code="2">23</subfield>
    <subfield code="a">892.7109</subfield>
    <subfield code="b">SHT 2006</subfield>
  </datafield>
  <datafield tag="100" ind1="1" ind2=" ">
    <subfield code="a">&#x627;&#x644;&#x634;&#x627;&#x630;&#x644;&#x64A;,   &#x639;&#x628;&#x62F; &#x627;&#x644;&#x633;&#x644;&#x627;&#x645; &#x645;&#x62D;&#x645;&#x62F; ;;Shazly,  Abdel Salam Mohamed </subfield>
    <subfield code="9">249824</subfield>
  </datafield>
  <datafield tag="245" ind1="1" ind2="0">
    <subfield code="a">&#x62A;&#x62C;&#x631;&#x628;&#x629; &#x627;&#x644;&#x645;&#x62F;&#x64A;&#x646;&#x629; &#x641;&#x64A; &#x634;&#x639;&#x631; &#x627;&#x644;&#x639;&#x631;&#x628;&#x64A; &#x627;&#x644;&#x645;&#x639;&#x627;&#x635;&#x631; '&#x635;&#x646;&#x639;&#x627;&#x621; &#x646;&#x645;&#x648;&#x630;&#x62C;&#x627;  ;; Ta&#x1E7;ribat al-mad&#x12B;na f&#x12B; '&#x161;-&#x161;i&#x2BB;r al-&#x2BB;arab&#x12B; al-mu&#x2BB;&#x101;&#x1E63;ir : "&#x1E62;an&#x2BB;&#x101;&#x2BC; nam&#x16B;&#x331;da&#x1E7;an"/</subfield>
    <subfield code="c">&#x639;&#x628;&#x62F; &#x627;&#x644;&#x633;&#x644;&#x627;&#x645; &#x645;&#x62D;&#x645;&#x62F; &#x627;&#x644;&#x634;&#x627;&#x630;&#x644;&#x64A;&#x2BB; ;; Abd-as-Sal&#x101;m Mu&#x1E25;ammad a&#x161;- &#x160;&#x101;&#x331;dil&#x12B;</subfield>
  </datafield>
  <datafield tag="260" ind1=" " ind2=" ">
    <subfield code="a">Misr:</subfield>
    <subfield code="b">&#x627;&#x644;&#x647;&#x64A;&#x626;&#x629; &#x627;&#x644;&#x645;&#x635;&#x631;&#x64A;&#x651;&#x629; &#x627;&#x644;&#x639;&#x627;&#x645;&#x651;&#x629; &#x644;&#x644;&#x643;&#x62A;&#x627;&#x628;, Al-Q&#x101;hira&#x1E97; : al-Hay&#x2BC;a&#x1E97; al-mi&#x1E63;riyya&#x1E97; al-&#x2BB;&#x101;mma&#x1E97; li-l-kit&#x101;b, 2006.al-Q&#x101;hira al-Hai&#x2BC;a al-Mi&#x1E63;r&#x12B;ya al-&#x2BB;&#x100;mma li-'l-Kit&#x101;b, </subfield>
    <subfield code="c">2006</subfield>
  </datafield>
  <datafield tag="300" ind1=" " ind2=" ">
    <subfield code="a">299 Seiten ; </subfield>
    <subfield code="c">22 cm</subfield>
  </datafield>
  <datafield tag="500" ind1=" " ind2=" ">
    <subfield code="a">In arab. Schr., arab.</subfield>
  </datafield>
  <datafield tag="650" ind1=" " ind2=" ">
    <subfield code="a">Arabic poetry</subfield>
    <subfield code="9">249825</subfield>
    <subfield code="v">history and Criticism</subfield>
  </datafield>
  <datafield tag="650" ind1=" " ind2=" ">
    <subfield code="a">&#x627;&#x644;&#x634;&#x639;&#x631; &#x627;&#x644;&#x639;&#x631;&#x628;&#x64A;</subfield>
    <subfield code="v">&#x62A;&#x627;&#x631;&#x64A;&#x62E; &#x648;&#x646;&#x642;&#x62F;</subfield>
    <subfield code="9">249826</subfield>
  </datafield>
  <datafield tag="942" ind1=" " ind2=" ">
    <subfield code="2">ddc</subfield>
    <subfield code="c">BK</subfield>
  </datafield>
  <datafield tag="999" ind1=" " ind2=" ">
    <subfield code="c">78742</subfield>
    <subfield code="d">78742</subfield>
  </datafield>
  <datafield tag="952" ind1=" " ind2=" ">
    <subfield code="0">0</subfield>
    <subfield code="1">0</subfield>
    <subfield code="2">ddc</subfield>
    <subfield code="4">0</subfield>
    <subfield code="7">1</subfield>
    <subfield code="8">NFIC</subfield>
    <subfield code="a">RUCL</subfield>
    <subfield code="b">RUCL</subfield>
    <subfield code="c">Reading</subfield>
    <subfield code="d">2008-07-10</subfield>
    <subfield code="e">Maktubat al Arabia, Dhaka</subfield>
    <subfield code="g">300.00</subfield>
    <subfield code="l">0</subfield>
    <subfield code="o">892.7109 SHT 2006</subfield>
    <subfield code="r">2021-11-10 00:00:00</subfield>
    <subfield code="t">C-1</subfield>
    <subfield code="w">2021-12-09</subfield>
    <subfield code="y">BK</subfield>
  </datafield>
  <datafield tag="952" ind1=" " ind2=" ">
    <subfield code="0">0</subfield>
    <subfield code="1">0</subfield>
    <subfield code="2">ddc</subfield>
    <subfield code="4">0</subfield>
    <subfield code="7">0</subfield>
    <subfield code="8">NFIC</subfield>
    <subfield code="a">RUCL</subfield>
    <subfield code="b">RUCL</subfield>
    <subfield code="c">Stack</subfield>
    <subfield code="d">2008-07-10</subfield>
    <subfield code="e">maktabat al arabi</subfield>
    <subfield code="g">300.00</subfield>
    <subfield code="l">0</subfield>
    <subfield code="o">A 892.7109 SHT 2006</subfield>
    <subfield code="r">2021-11-10 00:00:00</subfield>
    <subfield code="t">C-2</subfield>
    <subfield code="w">2021-11-10</subfield>
    <subfield code="y">BK</subfield>
  </datafield>
</record>
